MARC

LEADER 00000nam0a2200000 4500
001 22558
005 20231101205509.0
010 |a 5713310205 
035 |a (RuTPU)RU\TPU\book\22771 
035 |a BOOK00000535 
090 |a 22558 
100 |a 20011209d2000 km y0rusy50 ca 
101 0 |a rus 
102 |a RU 
105 |a a z 000zy 
200 1 |a Корея: будни и праздники  |f А. Н. Ланьков 
210 |a Москва  |c Международные отношения  |d 2000 
215 |a 480 с.  |c ил. 
606 1 |a Азиатские государства  |x Внутренняя политика  |2 stltpush  |3 (RuTPU)RU\TPU\subj\1569  |9 30327 
610 1 |a политика 
610 1 |a экономика 
610 1 |a культура 
610 1 |a этнография 
610 1 |a Корея 
686 |a Ф3(5Кор)  |v LBC/SL-A  |2 rubbk 
686 |a Т52(5Кор)  |v LBC/SL-A  |2 rubbk 
700 1 |a Ланьков  |b А. Н.  |g Андрей Николаевич 
801 0 |a RU  |b 63413507  |c 20011209  |g PSBO 
801 2 |a RU  |b 63413507  |c 20140203  |g PSBO 
942 |c BK